[Event "EU-ch rapid"]
[Site "Warsaw"]
[Date "2010.12.18"]
[Round "1"]
[White "Dzionk, Agata"]
[Black "Bartel, Mateusz"]
[Result "0-1"]
[WhiteElo "1857"]
[BlackElo "2617"]
[PlyCount "76"]
[EventDate "2010.12.18"]
[EventType "swiss (rapid)"]
[EventRounds "13"]
[EventCountry "POL"]
[SourceTitle "CBM 139 Extra"]
[Source "ChessBase"]
[SourceDate "2011.01.05"]
[SourceVersion "1"]
[SourceVersionDate "2011.01.05"]
[SourceQuality "1"]

1. e4 c6 2. d4 d5 3. exd5 cxd5 4. c4 Nf6 5. Nc3 e6 6. Nf3 Bb4 7. Bg5 0-0 8. Qc2 h6 9. Bh4 Nc6 10. 0-0-0 Be7 11. g4 Nxg4 12. Bxe7 Qxe7 13. Rg1 Nf6 14. Qd2 Kh8 15. Bd3 Rg8 16. Rg2 dxc4 17. Bb1 Nh5 18. Rdg1 Qf6 19. Ne4 Qf4 20. Qxf4 Nxf4 21. Nd6 g5 22. Nxf7+ Kg7 23. N7e5 Nxg2 24. Rxg2 Nxe5 25. Nxe5 b5 26. Rg4 Rf8 27. h4 Rf4 28. Rxf4 gxf4 29. Be4 Rb8 30. Kd2 Rb6 31. Kc3 Bb7 32. f3 a5 33. Nd7 Bxe4 34. Nxb6 Bxf3 35. Nd7 Bd5 36. Ne5 b4+ 37. Kd2 h5 38. Ke2 Kf6 0-1

[Event "POL-ch U18 Girls"]
[Site "Chotowa"]
[Date "2009.04.03"]
[Round "9"]
[White "Dzionk, Agata"]
[Black "Kasperek, Joanna"]
[Result "0-1"]
[WhiteElo "1855"]
[BlackElo "2037"]
[PlyCount "56"]
[EventDate "2009.03.28"]
[EventType "swiss"]
[EventRounds "11"]
[EventCountry "POL"]
[SourceTitle "EXT 2011"]
[Source "ChessBase"]
[SourceDate "2010.11.26"]
[SourceVersion "1"]
[SourceVersionDate "2010.11.26"]
[SourceQuality "1"]

1. e4 c5 2. Nf3 e6 3. d4 cxd4 4. Nxd4 a6 5. Nc3 b5 6. Bd3 d6 7. 0-0 Nf6 8. f4 Be7 9. Nf3 Bb7 10. Qe2 Nbd7 11. e5 dxe5 12. fxe5 Nd5 13. Ne4 0-0 14. Neg5 g6 15. Ne4 Qc7 16. Bh6 Rfe8 17. Neg5 Nf4 18. Qd2 Nxd3 19. cxd3 Bxf3 20. Rxf3 Nxe5 21. Rf4 Nxd3 22. Qxd3 Qxf4 23. Rf1 Bc5+ 24. Kh1 Rad8 25. Qe2 Rd2 26. Qe1 Rf2 27. Rxf2 Qxf2 28. Qd1 Qh4 0-1

[Event "POL-ch U18 Girls"]
[Site "Chotowa"]
[Date "2009.03.30"]
[Round "3"]
[White "Dzionk, Agata"]
[Black "Kotula, Oktawia"]
[Result "1-0"]
[WhiteElo "1855"]
[BlackElo "1737"]
[PlyCount "63"]
[EventDate "2009.03.28"]
[EventType "swiss"]
[EventRounds "11"]
[EventCountry "POL"]
[SourceTitle "EXT 2011"]
[Source "ChessBase"]
[SourceDate "2010.11.26"]
[SourceVersion "1"]
[SourceVersionDate "2010.11.26"]
[SourceQuality "1"]

1. e4 c5 2. Nc3 Nc6 3. f4 g6 4. Nf3 Bg7 5. Bc4 d6 6. 0-0 e6 7. d3 Nge7 8. Qe1 0-0 9. a4 Nd4 10. Nxd4 cxd4 11. Ne2 b6 12. Bb3 Kh8 13. Kh1 f5 14. Ng1 e5 15. Nf3 fxe4 16. dxe4 exf4 17. Ng5 d5 18. exd5 Nxd5 19. Qh4 Nf6 20. Nf7+ Rxf7 21. Bxf7 Bf5 22. Bxf4 Qd7 23. Bb3 Rc8 24. Rac1 Nd5 25. Bg5 Nb4 26. Rfe1 h5 27. Re7 Qd6 28. Rce1 Nd5 29. Bxd5 Qxd5 30. Bf6 Rg8 31. Bxg7+ Rxg7 32. Qf6 1-0

[Event "POL-ch U18 Girls"]
[Site "Chotowa"]
[Date "2009.03.28"]
[Round "1"]
[White "Dzionk, Agata"]
[Black "Lampkowska, Patrycja"]
[Result "1-0"]
[WhiteElo "1855"]
[BlackElo "1531"]
[PlyCount "73"]
[EventDate "2009.03.28"]
[EventType "swiss"]
[EventRounds "11"]
[EventCountry "POL"]
[SourceTitle "EXT 2011"]
[Source "ChessBase"]
[SourceDate "2010.11.26"]
[SourceVersion "1"]
[SourceVersionDate "2010.11.26"]
[SourceQuality "1"]

1. e4 c6 2. d4 d5 3. exd5 cxd5 4. c4 Nc6 5. Nc3 Nf6 6. Bg5 dxc4 7. Bxc4 Nxd4 8. Qa4+ Nc6 9. Nf3 Bd7 10. Rd1 a6 11. Qc2 Qa5 12. Bxf6 gxf6 13. Bxf7+ Kxf7 14. Rxd7 Qb4 15. h3 Rd8 16. Rxd8 Nxd8 17. 0-0 Bh6 18. Rd1 Nc6 19. a3 Qc4 20. b3 Qe6 21. Re1 Qd6 22. b4 Nd4 23. Nxd4 Qxd4 24. Qb3+ Kf8 25. Rd1 Qe5 26. Qc4 Qb8 27. Ne4 Kg7 28. Nc5 Rc8 29. Qg4+ Kh8 30. Qe6 Rd8 31. Re1 Re8 32. Nd7 Qf4 33. Nxf6 Rf8 34. Ng4 Bg5 35. Qe5+ Qxe5 36. Nxe5 Rd8 37. Nf7+ 1-0

[Event "Ketrzyn op-A 11th"]
[Site "Ketrzyn"]
[Date "2008.12.29"]
[Round "7.7"]
[White "Darowicki, Mariusz"]
[Black "Dzionk, Agata"]
[Result "1/2-1/2"]
[WhiteElo "1902"]
[BlackElo "1848"]
[PlyCount "98"]
[EventDate "2008.12.27"]
[EventType "swiss"]
[EventRounds "9"]
[EventCountry "POL"]
[SourceTitle "EXT 2023"]
[Source "ChessBase"]
[SourceDate "2022.10.05"]
[SourceVersion "1"]
[SourceVersionDate "2022.10.05"]
[SourceQuality "1"]

1. e4 d5 2. exd5 Qxd5 3. Nc3 Qa5 4. d4 c6 5. Nf3 Bg4 6. h3 Bh5 7. g4 Bg6 8. Bd3 e6 9. Qe2 Nf6 10. Bd2 Qc7 11. 0-0-0 Nbd7 12. Ng5 Bxd3 13. Qxd3 h6 14. Nge4 0-0-0 15. Nxf6 Nxf6 16. Be3 Nd5 17. Nxd5 cxd5 18. f4 Bd6 19. f5 Rhe8 20. fxe6 Rxe6 21. Rhf1 Re4 22. Bd2 f6 23. c3 Rde8 24. Rde1 Bf4 25. Rxe4 Bxd2+ 26. Qxd2 Rxe4 27. Qf2 Qc4 28. Re1 Qd3 29. Qf5+ Kc7 30. Rxe4 Qxe4 31. Qxe4 dxe4 32. Kd2 g6 33. h4 f5 34. gxf5 gxf5 35. Ke3 Kd6 36. c4 a5 37. b3 Kc6 38. a3 b6 39. d5+ Kd6 40. Kd4 h5 41. b4 axb4 42. axb4 Kd7 43. c5 bxc5+ 44. bxc5 Kc7 45. c6 Kd6 46. Ke3 Kc7 47. Kf4 Kd6 48. Kg3 Kc7 49. Kf2 f4 1/2-1/2

[Event "Gdansk Spring"]
[Site "Gdansk"]
[Date "2008.05.16"]
[Round "1.10"]
[White "Kotlowski, Tomasz"]
[Black "Dzionk, Agata"]
[Result "1-0"]
[WhiteElo "1904"]
[BlackElo "1803"]
[PlyCount "69"]
[EventDate "2008.05.16"]
[EventType "swiss"]
[EventRounds "5"]
[EventCountry "POL"]
[SourceTitle "EXT 2023"]
[Source "ChessBase"]
[SourceDate "2022.10.05"]
[SourceVersion "1"]
[SourceVersionDate "2022.10.05"]
[SourceQuality "1"]

1. d4 Nf6 2. Bg5 g6 3. Bxf6 exf6 4. e4 d6 5. Bc4 Bg7 6. c3 0-0 7. Nd2 Nc6 8. Ne2 Na5 9. Bd3 d5 10. 0-0 dxe4 11. Bxe4 f5 12. Bf3 g5 13. b4 Nc6 14. g3 f4 15. gxf4 Bh3 16. Re1 gxf4 17. Nxf4 Qg5+ 18. Ng2 f5 19. Kh1 Bh6 20. Rg1 Kh8 21. Nc4 Rg8 22. b5 Ne7 23. Ne5 Qf6 24. Bxb7 Rad8 25. Qh5 Bg4 26. Qf7 Qd6 27. Qb3 Rdf8 28. Nf7+ Rxf7 29. Qxf7 c6 30. Rae1 Nd5 31. Re6 Qf8 32. Qxf8 Bxf8 33. Bxc6 Bf3 34. Re5 Bd6 35. Bxd5 1-0

[Event "Ketrzyn op"]
[Site "Ketrzyn"]
[Date "2007.12.29"]
[Round "7"]
[White "Kaczmarek, Arkadiusz"]
[Black "Dzionk, Agata"]
[Result "0-1"]
[WhiteElo "2049"]
[BlackElo "1756"]
[PlyCount "54"]
[EventDate "2007.12.27"]
[EventType "swiss"]
[EventRounds "9"]
[EventCountry "POL"]
[SourceTitle "CBM 122 Extra"]
[Source "ChessBase"]
[SourceDate "2008.03.04"]
[SourceVersion "1"]
[SourceVersionDate "2008.03.04"]
[SourceQuality "1"]

1. d4 Nf6 2. c4 g6 3. Nc3 Bg7 4. e4 d6 5. h3 0-0 6. Nf3 Nc6 7. d5 Ne5 8. Nxe5 dxe5 9. Be3 e6 10. Be2 exd5 11. cxd5 Ne8 12. Qd2 Nd6 13. 0-0-0 a6 14. Kb1 b5 15. b4 Bd7 16. Bc5 a5 17. a3 axb4 18. axb4 f5 19. g4 fxe4 20. Bxd6 cxd6 21. Nxe4 Qb6 22. Kb2 Rxf2 23. Kb3 Rf4 24. Nc3 Rxb4+ 25. Kxb4 Qc5+ 26. Kb3 Ra3+ 27. Kb2 e4 0-1

[Event "Polanica Zdroj op-C 43rd"]
[Site "Polanica Zdroj"]
[Date "2007.08.19"]
[Round "3.6"]
[White "Dzionk, Agata"]
[Black "Karski, Lukasz"]
[Result "0-1"]
[WhiteElo "1771"]
[BlackElo "1861"]
[PlyCount "109"]
[EventDate "2007.08.17"]
[EventType "swiss"]
[EventRounds "9"]
[EventCountry "POL"]
[SourceTitle "CBM 120 Extra"]
[Source "ChessBase"]
[SourceDate "2007.11.01"]
[SourceVersion "1"]
[SourceVersionDate "2007.11.01"]
[SourceQuality "1"]

1. e4 e6 2. Nf3 d5 3. Nc3 Nf6 4. e5 Nfd7 5. d4 c5 6. dxc5 Nc6 7. Bf4 Bxc5 8. Bd3 f6 9. Qe2 Ndxe5 10. Nxe5 Nxe5 11. Bxe5 fxe5 12. Qh5+ Kf8 13. Qxe5 Qf6 14. Qg3 g6 15. 0-0 Kg7 16. Qc7+ Be7 17. Rae1 Rd8 18. Re3 Rd7 19. Qg3 Bd6 20. Qf3 Qxf3 21. Rxf3 Be5 22. Nd1 Bf6 23. c3 e5 24. Bb5 Re7 25. Rd3 d4 26. f3 Bf5 27. Rd2 Bg5 28. Rdf2 a6 29. Bc4 Rc8 30. Bd5 Be3 31. Nxe3 dxe3 32. Re2 Bd3 33. Rfe1 Bxe2 34. Rxe2 Rd8 35. c4 b5 36. b3 bxc4 37. bxc4 Rb8 38. Rxe3 Rb1+ 39. Kf2 Rb2+ 40. Re2 Rxe2+ 41. Kxe2 Rc7 42. Kd3 Kf6 43. g3 Ke7 44. f4 Kd6 45. Ke4 exf4 46. gxf4 Kc5 47. f5 Re7+ 48. Be6 gxf5+ 49. Kxf5 Rg7 50. h4 h6 51. Kf6 Rg2 52. h5 a5 53. Bd7 Kxc4 54. Be8 Kb4 55. Kf7 0-1

[Event "POL-ch U16 Girls"]
[Site "Leba"]
[Date "2007.03.26"]
[Round "4"]
[White "Dzionk, Agata"]
[Black "Ogonowska, Katarzyna"]
[Result "0-1"]
[WhiteElo "1734"]
[BlackElo "1885"]
[PlyCount "72"]
[EventDate "2007.03.24"]
[EventType "swiss"]
[EventRounds "11"]
[EventCountry "POL"]
[SourceTitle "EXT 2011"]
[Source "ChessBase"]
[SourceDate "2010.11.26"]
[SourceVersion "1"]
[SourceVersionDate "2010.11.26"]
[SourceQuality "1"]

1. e4 g6 2. Nf3 Bg7 3. d4 d6 4. c4 e6 5. Nc3 Ne7 6. Be3 b6 7. Qd2 h6 8. 0-0-0 Bb7 9. Kb1 Nd7 10. Bd3 d5 11. cxd5 exd5 12. e5 c5 13. Rhe1 a6 14. Bf4 Nf8 15. e6 Nxe6 16. dxc5 bxc5 17. Be5 0-0 18. Bxg7 Kxg7 19. h4 h5 20. Ng5 Nd4 21. Qf4 Ndc6 22. g4 d4 23. Nce4 Nd5 24. Qg3 hxg4 25. Nxc5 Bc8 26. Re6 Qb6 27. Na4 Qb7 28. Rd6 Ndb4 29. Nc5 Qb6 30. Nd7 Bxd7 31. Rxd7 Qa5 32. a3 Nxd3 33. Qxd3 Rae8 34. Qc4 Qf5+ 35. Qc2 Qxd7 36. h5 Qf5 0-1

[Event "POL-ch U16 Girls"]
[Site "Leba"]
[Date "2007.03.25"]
[Round "3"]
[White "Dzionk, Agata"]
[Black "Labedz, Patrycja"]
[Result "1/2-1/2"]
[WhiteElo "1734"]
[BlackElo "1881"]
[PlyCount "133"]
[EventDate "2007.03.24"]
[EventType "swiss"]
[EventRounds "11"]
[EventCountry "POL"]
[SourceTitle "EXT 2011"]
[Source "ChessBase"]
[SourceDate "2010.11.26"]
[SourceVersion "1"]
[SourceVersionDate "2010.11.26"]
[SourceQuality "1"]

1. e4 c6 2. d4 d5 3. exd5 cxd5 4. c4 Nf6 5. Nc3 Nc6 6. Nf3 Bg4 7. Be2 e6 8. c5 Be7 9. 0-0 0-0 10. a3 Ne4 11. Be3 f5 12. h3 Bh5 13. Ne1 Bxe2 14. Nxe2 a5 15. f3 Nf6 16. Nf4 Qd7 17. Ned3 g5 18. Ne2 f4 19. Bf2 Nh5 20. b4 axb4 21. axb4 Bf6 22. b5 Na7 23. c6 Qe7 24. cxb7 Qxb7 25. Nc5 Qxb5 26. Nxe6 Rf7 27. Nc5 Rd8 28. Rb1 Qe8 29. Re1 Re7 30. Qd3 Nc6 31. Nc3 Ng7 32. Rxe7 Nxe7 33. Qa6 Qf7 34. Rb7 Qg6 35. Nd7 Bxd4 36. Qxg6 Bxf2+ 37. Kxf2 hxg6 38. Nf6+ Kf8 39. Nh7+ Kf7 40. Nxg5+ Kf6 41. h4 Ngf5 42. Rb6+ Rd6 43. Nge4+ dxe4 44. Nxe4+ Ke6 45. Nxd6 Nxd6 46. g3 Nef5 47. gxf4 Nxh4 48. Kg3 Nhf5+ 49. Kg4 Kf6 50. Ra6 Kg7 51. Ra7+ Kh6 52. Ra6 Ne3+ 53. Kg3 Ndf5+ 54. Kf2 Nd5 55. Ra4 Kg7 56. Ra7+ Kf6 57. Ra6+ Kf7 58. Ra7+ Ke8 59. Ra4 Kd7 60. Kg2 Ke6 61. Ra6+ Kf7 62. Ra7+ Kf6 63. Ra6+ Kg7 64. Ra7+ Kh6 65. Ra4 Kh5 66. Kf2 Kh6 67. Kg2 1/2-1/2

[Event "POL-ch U16 Girls"]
[Site "Leba"]
[Date "2007.03.25"]
[Round "2"]
[White "Gryglas, Marta"]
[Black "Dzionk, Agata"]
[Result "0-1"]
[WhiteElo "1600"]
[BlackElo "1734"]
[PlyCount "48"]
[EventDate "2007.03.24"]
[EventType "swiss"]
[EventRounds "11"]
[EventCountry "POL"]
[SourceTitle "EXT 2011"]
[Source "ChessBase"]
[SourceDate "2010.11.26"]
[SourceVersion "1"]
[SourceVersionDate "2010.11.26"]
[SourceQuality "1"]

1. e4 d5 2. exd5 Qxd5 3. Nc3 Qa5 4. d4 Nf6 5. Nf3 Bg4 6. h3 Bh5 7. g4 Bg6 8. Ne5 Nbd7 9. Nxg6 hxg6 10. Bd2 Qb6 11. Bc1 0-0-0 12. Bc4 Qc6 13. Rg1 Qxc4 14. Rg3 e6 15. Rd3 Nd5 16. Qf3 f6 17. Be3 Bb4 18. Bd2 f5 19. Nxd5 Bxd2+ 20. Kxd2 Qxd5 21. Re1 Qxf3 22. Rxf3 e5 23. d5 Nb6 24. Ra3 Nc4+ 0-1

[Event "Ketrzyn op 9th"]
[Site "Ketrzyn"]
[Date "2006.12.30"]
[Round "8.13"]
[White "Dzionk, Agata"]
[Black "Meribanov, Vitaly"]
[Result "1/2-1/2"]
[WhiteElo "1741"]
[BlackElo "1938"]
[PlyCount "95"]
[EventDate "2006.12.27"]
[EventType "swiss"]
[EventRounds "9"]
[EventCountry "POL"]
[SourceTitle "EXT 2023"]
[Source "ChessBase"]
[SourceDate "2022.10.05"]
[SourceVersion "1"]
[SourceVersionDate "2022.10.05"]
[SourceQuality "1"]

1. e4 c5 2. Nf3 Nc6 3. d4 cxd4 4. Nxd4 Nf6 5. Nc3 e5 6. Ndb5 d6 7. Bg5 a6 8. Bxf6 gxf6 9. Na3 b5 10. Nd5 Bg7 11. c3 f5 12. Bd3 Ne7 13. Nxe7 Qxe7 14. Qh5 0-0 15. Nc2 f4 16. g3 f5 17. 0-0-0 Bb7 18. f3 fxe4 19. fxe4 Qe6 20. gxf4 Rxf4 21. Rhg1 Kh8 22. Ne3 Qh6 23. Qxh6 Bxh6 24. Kb1 Rf3 25. Nd5 Rf2 26. Rdf1 Raf8 27. Rxf2 Rxf2 28. Ne7 Bg7 29. Nf5 Bf8 30. Ka1 Rxh2 31. a4 Rd2 32. Bb1 d5 33. Ba2 Bc5 34. Rg7 Rd1+ 35. Bb1 Bc8 36. Rc7 Bxf5 37. exf5 Bf8 38. axb5 axb5 39. Rd7 e4 40. Ka2 h5 41. Bxe4 Rf1 42. Rxd5 b4 43. cxb4 Bxb4 44. f6 Rxf6 45. Rxh5+ Kg7 46. Kb3 Rb6 47. Kc4 Kf8 48. Rb5 1/2-1/2

[Event "Ketrzyn op 9th"]
[Site "Ketrzyn"]
[Date "2006.12.28"]
[Round "4.15"]
[White "Puczylowski, Marcin"]
[Black "Dzionk, Agata"]
[Result "1/2-1/2"]
[WhiteElo "1959"]
[BlackElo "1741"]
[PlyCount "74"]
[EventDate "2006.12.27"]
[EventType "swiss"]
[EventRounds "9"]
[EventCountry "POL"]
[SourceTitle "EXT 2023"]
[Source "ChessBase"]
[SourceDate "2022.10.05"]
[SourceVersion "1"]
[SourceVersionDate "2022.10.05"]
[SourceQuality "1"]

1. e4 c5 2. Nf3 Nc6 3. c3 d5 4. exd5 Qxd5 5. d4 Bg4 6. Be2 e6 7. h3 Bh5 8. 0-0 Nf6 9. Na3 cxd4 10. Nb5 Rc8 11. Bf4 Bxf3 12. gxf3 e5 13. Bh2 a6 14. c4 Qe6 15. f4 axb5 16. cxb5 Nd8 17. fxe5 Nd7 18. Qxd4 Bc5 19. Qd2 Nxe5 20. Bxe5 Qxe5 21. Bg4 Ne6 22. Rae1 Qd6 23. Qxd6 Bxd6 24. Bxe6 fxe6 25. Rxe6+ Kd7 26. Re4 Rhe8 27. Rg4 g6 28. b4 Rc2 29. a4 Ra2 30. a5 Ree2 31. Rd4 Ke6 32. Kg2 Be5 33. Rh4 h5 34. Rc4 Re3 35. h4 Rg3+ 36. Kh1 Rh3+ 37. Kg1 Rha3 1/2-1/2